000 00317nam a2200121Ia 4500
008 190216s9999||||xx |||||||||||||| ||und||
100 _a"Cauvery R,Sudha Nayak U K,Girija M &kruparani"
245 0 _aModern Economic Theory
260 _bS Chand & Co
_c1998
300 _a384 p
650 _aEconomics
942 _cBK
999 _c10450
_d10450